| 000 | 01025nam a2200277 a 4500 | ||
|---|---|---|---|
| 001 | BRCA_8439 | ||
| 005 | 20190320210259.0 | ||
| 008 | 800918s1985####sp-a#####b---#000-u#spa-# | ||
| 020 | _a847630000X | ||
| 041 | _aspa | ||
| 044 | _asp | ||
| 050 | 4 |
_aPQ6323 _b.C47 1985 |
|
| 100 | 1 |
_aCervantes Saavedra, Miguel de _d1547-1616. _9213 |
|
| 245 | 1 | 0 |
_aEl Ingenioso Hidalgo Don Quijote de la Mancha _cMiguel de Cervantes ; con grabados de Gustavo Doré. |
| 260 |
_aMadrid _bLibrerías Sánchez _c1985 |
||
| 300 |
_a832 p. _bil. _c24 cm. |
||
| 440 | 0 |
_aClásicos de la literatura universal _921130 |
|
| 500 | _aLibro donado por el C.P. Eduardo Creel, Boletín MFM #10, nov.-dic. 1985 | ||
| 650 | 1 | 4 |
_aNovela española _yÉpoca clásica, 1500-1700 _9215 |
| 650 | 1 | 4 |
_aLiteratura española _yÉpoca clásica, 1500-1700 _9216 |
| 650 | 1 | 4 |
_aNovela española _ySiglo XVII _9217 |
| 650 | 1 | 4 |
_aDon Quijote (Personaje ficticio) _vNovela _911664 |
| 700 | 1 |
_aDoré, Gustavo _d1832-1883 _eIlustrador _912364 |
|
| 902 | _aQAG | ||
| 942 |
_2lcc _cB |
||
| 999 |
_c8106 _d8106 |
||